000 00246nam a22001097a 4500
008 230629b xxu||||| |||| 00| 0 eng d
082 _a338.9
_bKEN
245 _aDevelopment Plan 1994-1996
260 _bGOK
300 _aXXXI,290p
942 _2ddc
_cBK
999 _c3017
_d3017